Random Images - Statistics

General Stats
  • This quiz has been taken 8 times
  • The average score is 4 of 6
Answer Stats
Picture Answer % Correct
Donald Trump
100%
Magna Carta
75%
Max Fiester
50%
Noah NeSmith
50%
Sam Bennett
50%
Spanish Inquisition
50%
No matching quizzes found
Score Distribution
Percent of People with Each Score
Percentile by Number Answered
Your Score History
You have not taken this quiz